000 00517cam a22002171 4500
001 sa 68015062
003 DLC
005 20260227112639.0
008 900102s1968 ii 000 0 hino
010 _asa 68015062
035 _a(OCoLC)20837643
040 _aDLC
_cWaU
_dDLC
042 _apremarc
050 0 0 _aPN1049.H5
_bT54
100 1 _aTivārī, Rāmānanda,
_d1919-1989.
245 1 0 _aKāvya kā svarūpa.
260 _c[1968]
300 _a200 p.
_c23 cm.
500 _aIn Hindi.
650 0 _aPoetics.
999 _c86201
_d86201